000 01076nam a2200253Ia 4500
003 OSt
005 20220923211106.0
006 a|||||r|||| 00| 0
007 ta
008 220922b |||||||| |||| 00| 0 hin d
020 _a8179170969 (hbk)
_c225
024 _a238,945
037 _bNIL, 17/01/2009, Pioneer Book Distributors
_cTextual
040 _aARTS
_cARTS
_bhin
041 _2hin
_ahin
082 _aXz7, 152P7
100 _aरॉबिन्सन, जोन; गुप्त, रामकिशन, अनु.
_9158112
245 0 _aस्वाधीनता और आवश्यकता
_b समाज के अध्ययन का परिचय
246 _aSvādhīnatā aur āvashyakatā: samāj ke adhyayan kā parichaya
260 _aदिल्ली
_b ग्रंथ शिल्पी
_c2007
300 _a109पृ.
_ccm.
942 _hXz7, 152P7
_cTEXL
_2CC
999 _c295107
_d295107